[Event "BIH-chT1A 22nd"]
[Site "Tuzla"]
[Date "2015.10.19"]
[Round "6.5"]
[White "Trkulja, Goran"]
[Black "Bajramovic, Halid"]
[Result "1-0"]
[WhiteElo "2320"]
[BlackElo "2144"]
[PlyCount "113"]
[EventDate "2015.10.16"]
[EventType "tourn"]
[EventRounds "9"]
[EventCountry "BIH"]
[SourceTitle "CBM 169 Extra"]
[Source "ChessBase"]
[SourceDate "2015.12.18"]
[SourceVersion "1"]
[SourceVersionDate "2015.12.18"]
[SourceQuality "1"]

1. e4 c5 2. Nf3 d6 3. d4 cxd4 4. Nxd4 Nf6 5. Nc3 Nc6 6. f3 g6 7. Be3 Bg7 8. Qd2 0-0 9. 0-0-0 Qa5 10. h4 Nxd4 11. Bxd4 Be6 12. Kb1 Rfc8 13. a3 Bc4 14. Bxf6 exf6 15. Bxc4 Rxc4 16. Nd5 Qd8 17. h5 Rc6 18. Qf4 a5 19. Rd2 b5 20. h6 Bh8 21. Rhd1 Rb8 22. c3 Kf8 23. Qe3 Rb7 24. Qd4 Kg8 25. Qf2 Qd7 26. g4 Rb8 27. Qg3 Re8 28. Ne3 Rd8 29. Nd5 Qe6 30. Re2 Rc4 31. Qg1 Rc5 32. f4 Re8 33. f5 Qe5 34. Qf2 Kf8 35. Rd3 Rc4 36. Rd4 Rc5 37. Qh2 g5 38. Qxe5 fxe5 39. Rd1 a4 40. Kc2 Ra8 41. Rh2 Ra7 42. f6 Ke8 43. Rh5 Kd7 44. Rxg5 Ke6 45. Rf1 Rc8 46. Rgf5 Rc5 47. Rd1 Rc8 48. g5 Rc4 49. Kd3 Rc5 50. Ke3 Ra8 51. Rff1 Ra7 52. Kf3 Rb7 53. Rd2 Rc8 54. Ne3 Rg8 55. Rfd1 Rd7 56. Nf5 Rgd8 57. Rd5 1-0

[Event "BIH-chT1A 22nd"]
[Site "Tuzla"]
[Date "2015.10.16"]
[Round "1.3"]
[White "Avdic, Adnan"]
[Black "Bajramovic, Halid"]
[Result "1/2-1/2"]
[WhiteElo "2268"]
[BlackElo "2144"]
[PlyCount "145"]
[EventDate "2015.10.16"]
[EventType "tourn"]
[EventRounds "9"]
[EventCountry "BIH"]
[SourceTitle "CBM 169 Extra"]
[Source "ChessBase"]
[SourceDate "2015.12.18"]
[SourceVersion "1"]
[SourceVersionDate "2015.12.18"]
[SourceQuality "1"]

1. e4 c5 2. Nf3 d6 3. Bb5+ Nc6 4. 0-0 a6 5. Be2 Nf6 6. d3 g6 7. a4 Bg7 8. Nbd2 Rb8 9. Nc4 b5 10. axb5 axb5 11. Ne3 0-0 12. Ne1 d5 13. exd5 Nxd5 14. Bf3 e6 15. c3 Qd6 16. g3 Bb7 17. Nxd5 exd5 18. Bf4 Be5 19. Ng2 d4 20. Re1 Bxf4 21. Nxf4 Ne5 22. Bxb7 Rxb7 23. cxd4 Qxd4 24. Re4 Qxb2 25. Rb1 Qc3 26. Nd5 Qxd3 27. Rxe5 Qxd1+ 28. Rxd1 Kg7 29. Ne3 Rc8 30. Rb1 Kf6 31. f4 b4 32. Re4 Kg7 33. Kf2 Ra8 34. Rb2 b3 35. Nd1 Ra1 36. Re1 c4 37. Nc3 Ra6 38. Re4 Rc7 39. Ke3 Rd6 40. Rd2 Rb6 41. Rb2 Rd6 42. Rd2 Rb6 43. Rb2 Rd6 44. Ke2 Rb6 45. Rd4 Re6+ 46. Kd2 h5 47. Nd5 Rc5 48. Nc3 Rc7 49. Rb1 Ra6 50. h3 Kh6 51. Re1 Ra3 52. g4 hxg4 53. hxg4 Ra8 54. Rd6 Kg7 55. g5 Rh8 56. Rd4 Rh2+ 57. Re2 Rh8 58. Nd5 Rb7 59. Nc3 Rc7 60. Kc1 Ra8 61. Ree4 Rac8 62. Kb2 Rc5 63. Rd7 Rh8 64. Rd2 Ra8 65. Red4 Rh8 66. Ka3 Rc7 67. Rd8 Rxd8 68. Rxd8 Ra7+ 69. Kb2 f6 70. Rd4 fxg5 71. fxg5 Ra5 72. Rd7+ Kg8 73. Rc7 1/2-1/2

[Event "Bihac-chT1"]
[Site "Bihac"]
[Date "2014.08.26"]
[Round "6"]
[White "Bajramovic, Halid"]
[Black "Kojic, Tigran"]
[Result "1-0"]
[WhiteElo "2169"]
[BlackElo "2328"]
[PlyCount "55"]
[EventDate "2014.08.23"]
[EventType "swiss"]
[EventRounds "9"]
[EventCountry "BIH"]
[SourceTitle "EXT 2015"]
[Source "ChessBase"]
[SourceDate "2014.11.20"]
[SourceVersion "1"]
[SourceVersionDate "2014.11.20"]
[SourceQuality "1"]

1. d4 Nf6 2. c4 c5 3. d5 b5 4. cxb5 a6 5. Nc3 d6 6. e4 g6 7. a4 Bg7 8. Nf3 0-0 9. Be2 axb5 10. Bxb5 Na6 11. 0-0 Nb4 12. Ra3 Bb7 13. Re1 Qc8 14. h3 c4 15. Be3 Nd3 16. Re2 e6 17. dxe6 fxe6 18. Bd4 e5 19. Bb6 d5 20. Nd2 Nd7 21. Bxd7 Qxd7 22. Nxd5 Bxd5 23. exd5 Nxb2 24. Qc2 Nxa4 25. Nxc4 Rfc8 26. d6 Qb5 27. Bc7 Nc5 28. Qa2 1-0

[Event "Bihac-chT1"]
[Site "Bihac"]
[Date "2014.08.24"]
[Round "3"]
[White "Kekic, Armin"]
[Black "Bajramovic, Halid"]
[Result "1-0"]
[WhiteElo "2238"]
[BlackElo "2169"]
[PlyCount "139"]
[EventDate "2014.08.23"]
[EventType "swiss"]
[EventRounds "9"]
[EventCountry "BIH"]
[SourceTitle "EXT 2015"]
[Source "ChessBase"]
[SourceDate "2014.11.20"]
[SourceVersion "1"]
[SourceVersionDate "2014.11.20"]
[SourceQuality "1"]

1. e4 c5 2. Nf3 Nc6 3. Bb5 g6 4. Bxc6 bxc6 5. 0-0 Nf6 6. e5 Nd5 7. Nc3 Bg7 8. d3 0-0 9. Re1 Rb8 10. Nxd5 cxd5 11. b3 d4 12. Bf4 Rb6 13. Nd2 Bb7 14. Nc4 Re6 15. Qd2 Qa8 16. f3 Rc8 17. Re2 Bd5 18. Rae1 Qb7 19. a4 Qa6 20. Kf2 h5 21. Kg1 Kh7 22. Bg5 Re8 23. Bf4 Rg8 24. h4 Rf8 25. Rf2 Qb7 26. Qd1 f6 27. exf6 Bxf6 28. Rxe6 Bxe6 29. Bg3 Qd5 30. Nd2 Bg7 31. Ne4 Bh6 32. f4 Bg4 33. Qe1 e6 34. Qa5 c4 35. Qxa7 cxb3 36. cxb3 Qxb3 37. Qxd7+ Bg7 38. Qb5 Qa3 39. Qc4 Qe7 40. a5 Ra8 41. a6 Bf5 42. Ra2 Kh6 43. Qc6 Ra7 44. Qb5 Qc7 45. Kh2 Bf8 46. Ra4 Bg7 47. Rc4 Qe7 48. Rc6 Bxe4 49. dxe4 Qd7 50. Qb6 Ra8 51. Rxe6 d3 52. Rxg6+ Kh7 53. Rd6 Qa4 54. Rxd3 Rxa6 55. Qb1 Rg6 56. Rf3 Rg4 57. e5+ Kh6 58. Qc1 Kh7 59. Qc8 Qe4 60. Qd7 Kh6 61. Qf7 Qe2 62. Qf5 Rg6 63. Rd3 Qc2 64. Qe4 Qa2 65. Qe3 Kh7 66. f5 Rg4 67. f6 Bf8 68. Rd7+ Kh8 69. Rd8 Rg8 70. e6 1-0

[Event "Sarajevo Bosna op-B 44th"]
[Site "Sarajevo"]
[Date "2014.06.05"]
[Round "8"]
[White "Unuk, Laura"]
[Black "Bajramovic, Halid"]
[Result "1-0"]
[WhiteElo "2101"]
[BlackElo "2197"]
[PlyCount "125"]
[EventDate "2014.05.30"]
[EventType "swiss"]
[EventRounds "9"]
[EventCountry "BIH"]
[SourceTitle "CBM 160 Extra"]
[Source "ChessBase"]
[SourceDate "2014.07.01"]
[SourceVersion "1"]
[SourceVersionDate "2014.07.01"]
[SourceQuality "1"]

1. d4 g6 2. c4 Bg7 3. Nf3 d6 4. g3 Nc6 5. d5 Nb8 6. Bg2 Nf6 7. Nc3 0-0 8. 0-0 c6 9. e4 Nbd7 10. h3 Qc7 11. Be3 Nc5 12. e5 Nfd7 13. exd6 exd6 14. Nd4 Ne5 15. dxc6 bxc6 16. Nxc6 Nxc6 17. Nb5 Qd7 18. Qxd6 Qxd6 19. Nxd6 Nd3 20. Bxc6 Bxh3 21. Bxa8 Rxa8 22. b3 Bxa1 23. Rxa1 Bg4 24. f3 Be6 25. Nb5 a5 26. Nc7 Rb8 27. Rd1 Nb4 28. Bf4 Bf5 29. Nd5 Rb7 30. Nf6+ Kg7 31. Ne8+ Kg8 32. g4 Be6 33. Rd8 Nc6 34. Ra8 Ra7 35. Rxa7 Nxa7 36. Nc7 Bd7 37. Nd5 Be6 38. Nf6+ Kg7 39. Ne8+ Kf8 40. Nc7 Bd7 41. Bd6+ Kg7 42. Kf2 h6 43. a3 f5 44. gxf5 Bxf5 45. Ke3 Bc2 46. b4 axb4 47. axb4 Bb3 48. Kd3 Bd1 49. Ne6+ Kf7 50. Nd4 Ke8 51. b5 Nc8 52. Bg3 Kd7 53. c5 Ba4 54. Kc4 Ne7 55. Kb4 Bd1 56. c6+ Kc8 57. Kc5 g5 58. b6 Nxc6 59. Kxc6 Ba4+ 60. Nb5 Bxb5+ 61. Kxb5 Kb7 62. Bh2 h5 63. Bg3 1-0

[Event "Sarajevo Bosna op-B 44th"]
[Site "Sarajevo"]
[Date "2014.06.01"]
[Round "3"]
[White "Bajramovic, Halid"]
[Black "Hadzi Manev, Ljubomir"]
[Result "0-1"]
[WhiteElo "2197"]
[BlackElo "2045"]
[PlyCount "74"]
[EventDate "2014.05.30"]
[EventType "swiss"]
[EventRounds "9"]
[EventCountry "BIH"]
[SourceTitle "CBM 160 Extra"]
[Source "ChessBase"]
[SourceDate "2014.07.01"]
[SourceVersion "1"]
[SourceVersionDate "2014.07.01"]
[SourceQuality "1"]

1. d4 d5 2. c4 e6 3. Nf3 c5 4. cxd5 exd5 5. Nc3 Nc6 6. dxc5 d4 7. Ne4 Bxc5 8. Nxc5 Qa5+ 9. Bd2 Qxc5 10. g3 Nf6 11. Bg2 0-0 12. 0-0 Bf5 13. b4 Qb6 14. Qb3 Rfe8 15. b5 Nd8 16. Qa4 Ne4 17. Ba5 Nc3 18. Bxb6 Nxa4 19. Bxd4 Rxe2 20. Rfe1 Rxe1+ 21. Nxe1 Ne6 22. Be3 Nec5 23. Rc1 Rc8 24. Bf3 b6 25. Bc6 Rd8 26. Nf3 Be6 27. a3 Rd3 28. Bf4 Rxa3 29. Bb8 Nc3 30. Nd4 Bh3 31. Re1 h6 32. Nc2 Ra2 33. Re8+ Kh7 34. Ne1 Ra1 35. Bf4 Be6 36. Kf1 N5e4 37. f3 Bh3+ 0-1

[Event "Sarajevo Bosna op-B 44th"]
[Site "Sarajevo"]
[Date "2014.05.31"]
[Round "2"]
[White "Stojkovska, Monika"]
[Black "Bajramovic, Halid"]
[Result "0-1"]
[WhiteElo "2001"]
[BlackElo "2197"]
[PlyCount "98"]
[EventDate "2014.05.30"]
[EventType "swiss"]
[EventRounds "9"]
[EventCountry "BIH"]
[SourceTitle "CBM 160 Extra"]
[Source "ChessBase"]
[SourceDate "2014.07.01"]
[SourceVersion "1"]
[SourceVersionDate "2014.07.01"]
[SourceQuality "1"]

1. e4 g6 2. d4 d6 3. Nc3 Bg7 4. f4 Nc6 5. d5 Nb8 6. Nf3 c6 7. Be3 cxd5 8. Qxd5 Nf6 9. Qd2 0-0 10. Be2 Nc6 11. 0-0-0 Qa5 12. Bc4 Qb4 13. Qd3 Na5 14. Bb3 Nxb3+ 15. axb3 Bg4 16. h3 Bxf3 17. gxf3 Rfc8 18. Qb5 Qxb5 19. Nxb5 a6 20. Nc3 Bh6 21. Rd3 Kf8 22. e5 Ne8 23. Ne4 Rc6 24. Rhd1 Rac8 25. R1d2 dxe5 26. fxe5 Bxe3 27. Rxe3 Ng7 28. Rc3 Ke8 29. Rxc6 Rxc6 30. b4 Ne6 31. b3 Rb6 32. c4 Rxb4 33. Kc2 Rb6 34. h4 h5 35. Kc3 Rc6 36. Kd3 Ng7 37. Ng3 f6 38. f4 Ne6 39. Ke3 fxe5 40. fxe5 b5 41. Rc2 bxc4 42. bxc4 Rb6 43. Rc3 Rb1 44. Ra3 Nc5 45. Kd4 Ne6+ 46. Kd5 Kd7 47. c5 Rd1+ 48. Kc4 Rc1+ 49. Kb4 Nxc5 0-1